U.S. Representatives Quiz (2021-2023) - Statistics

General Stats
  • This quiz has been taken 15 times
    4 since last reset
  • The average score is 75 of 435
Answer Stats
District, Party, Year Inaugurated Representatives % Correct
CA-23, R, 2007 Kevin McCarthy
100%
TX-09, D, 2005 Al Green
75%
CA-50, R, 2021 Darrell Issa
75%
CO-04, R, 2015 Ken Buck
75%
CO-03, R, 2021 Lauren Boebert
75%
GA-06, D, 2019 Lucy McBath
75%
AK At Large, D, 2022 Mary Peltola
75%
FL-01, R, 2017 Matt Gaetz
75%
CA-12, D, 1987 Nancy Pelosi
75%
AZ-07, D, 2015 Ruben Gallego
75%
CA-28, D, 2001 Adam Schiff
50%
NY-14, D, 2019 Alexandria Ocasio-Cortez
50%
CA-07, D, 2013 Ami Bera
50%
MD-01, R, 2011 Andy Harris
50%
CA-18, D, 1993 Anna Eshoo
50%
CA-13, D, 1998 Barbara Lee
50%
UT-04, R, 2021 Burgess Owens
50%
CA-21, R, 2021 David Valadao
50%
CO-01, D, 1997 Diana DeGette
50%
VA-04, D, 2017 Donald McEachin
50%
CA-06, D, 2005 Doris Matsui
50%
CA-01, R, 2013 Doug LaMalfa
50%
CO-07, D, 2007 Ed Perlmutter
50%
AR-02, R, 2015 French Hill
50%
GA-04, D, 2007 Hank Johnson
50%
CO-06, D, 2019 Jason Crow
50%
CA-08, R, 2021 Jay Obernolte
50%
TX-20, D, 2013 Joaquin Castro
50%
CO-02, D, 2019 Joe Neguse
50%
CA-51, D, 2013 Juan Vargas
50%
CA-27, D, 2009 Judy Chu
50%
IL-14, D, 2019 Lauren Underwood
50%
FL-25, R, 2003 Mario Diaz-Balart
50%
CA-41, D, 2013 Mark Takano
50%
PA-05, D, 2018 Mary Gay Scanlon
50%
IL-15, R, 2021 Mary Miller
50%
CA-48, R, 2021 Michelle Steel
50%
CA-25, R, 2020 Mike Garcia
50%
CA-49, D, 2019 Mike Levin
50%
AZ-04, R, 2011 Paul Gosar
50%
VT At Large, D, 2007 Peter Welch
50%
AZ-03, D, 2003 Raúl Grijalva
50%
CA-17, D, 2017 Ro Khanna
50%
KS-03, D, 2019 Sharice Davids
50%
CA-33, D, 2015 Ted Lieu
50%
AL-07, D, 2011 Terri Sewell
50%
KY-04, R, 2012 Thomas Massie
50%
FL-13 | IN-02 | NY-19 | NY-23 Vacant
50%
CA-39, R, 2021 Young Kim
50%
VA-07, D, 2019 Abigail Spanberger
25%
WV-02, R, 2015 Alex Mooney
25%
FL-05, D, 2017 Al Lawson
25%
GA-09, R, 2021 Andrew Clyde
25%
KY-06, R, 2013 Andy Barr
25%
AZ-05, R, 2017 Andy Biggs
25%
MN-02, D, 2019 Angie Craig
25%
AZ-02, D, 2019 Ann Kirkpatrick
25%
TX-11, R, 2021 August Pfluger
25%
GA-08, R, 2011 Austin Scott
25%
MA-07, D, 2019 Ayanna Pressley
25%
GA-11, R, 2015 Barry Loudermilk
25%
VA-06, R, 2019 Ben Cline
25%
MS-02, D, 1993 Bennie Thompson
25%
IL-11, D, 2013 Bill Foster
25%
FL-08, R, 2009 Bill Posey
25%
UT-01, R, 2021 Blake Moore
25%
IL-01, D, 1993 Bobby Rush
25%
VA-03, D, 1993 Bobby Scott
25%
VA-05, R, 2021 Bob Good
25%
IL-10, D, 2017 Brad Schneider
25%
PA-02, D, 2015 Brendan Boyle
25%
TX-36, R, 2015 Brian Babin
25%
PA-01, R, 2017 Brian Fitzpatrick
25%
FL-18, R, 2017 Brian Mast
25%
AR-04, R, 2015 Bruce Westerman
25%
GA-01, R, 2015 Buddy Carter
25%
FL-26, R, 2021 Carlos Giménez
25%
GA-07, D, 2021 Carolyn Bourdeaux
25%
NY-12, D, 1993 Carolyn Maloney
25%
IL-17, D, 2013 Cheri Bustos
25%
TX-21, R, 2019 Chip Roy
25%
UT-02, R, 2013 Chris Stewart
25%
TX-32, D, 2019 Colin Allred
25%
CA-22, R, 2022 Connie Conway
25%
PA-17, D, 2018 Conor Lamb
25%
MO-01, D, 2021 Cori Bush
25%
NC-09, R, 2019 Dan Bishop
25%
TX-02, R, 2019 Dan Crenshaw
25%
FL-11, R, 2011 Daniel Webster
25%
PA-09, R, 2019 Dan Meuser
25%
IL-07, D, 1997 Danny Davis
25%
IL-18, R, 2015 Darin LaHood
25%
FL-09, D, 2017 Darren Soto
25%
AZ-06, R, 2011 David Schweikert
25%
GA-13, D, 2003 David Scott
25%
AZ-08, R, 2018 Debbie Lesko
25%
FL-23, D, 2005 Debbie Wasserman Schultz
25%
VA-08, D, 2015 Don Beyer
25%
CO-05, R, 2007 Doug Lamborn
25%
GA-03, R, 2017 Drew Ferguson
25%
HI-01, D, 2019 Ed Case
25%
TX-30, D, 1993 Eddie Johnson
25%
CA-15, D, 2013 Eric Swalwell
25%
FL-24, D, 2011 Frederica Wilson
25%
FL-17, R, 2019 Greg Steube
25%
FL-12, R, 2007 Gus Bilirakis
25%
PA-14, R, 2019 Guy Reschenthaler
25%
WI-04, D, 2005 Gwen Moore
25%
KY-05, R, 1981 Hal Rogers
25%
TX-28, D, 2005 Henry Cuellar
25%
MN-05, D, 2019 Ilhan Omar
25%
MI-01, R, 2017 Jack Bergman
25%
CA-14, D, 2008 Jackie Speier
25%
CT-05, D, 2019 Jahana Hayes
25%
MA-04, D, 2021 Jake Auchincloss
25%
TX-06, R, 2021 Jake Ellzey
25%
NY-16, D, 2021 Jamaal Bowman
25%
KY-01, R, 2016 James Comer
25%
MD-08, D, 2017 Jamie Raskin
25%
IL-09, D, 1999 Jan Schakowsky
25%
CA-02, D, 2013 Jared Huffman
25%
VA-10, D, 2019 Jennifer Wexton
25%
AL-01, R, 2021 Jerry Carl
25%
CA-09, D, 2007 Jerry McNerney
25%
IL-04, D, 2019 Jesús García
25%
IN-04, R, 2019 Jim Baird
25%
IN-03, R, 2017 Jim Banks
25%
SC-06, D, 1993 Jim Clyburn
25%
CA-16, D, 2005 Jim Costa
25%
CT-04, D, 2009 Jim Himes
25%
GA-10, R, 2015 Jody Hice
25%
CT-02, D, 2007 Joe Courtney
25%
TX-31, R, 2003 John Carter
25%
UT-03, R, 2017 John Curtis
25%
CA-03, D, 2009 John Garamendi
25%
PA-13, R, 2019 John Joyce
25%
CT-01, D, 1999 John Larson
25%
FL-04, R, 2017 John Rutherford
25%
KY-03, D, 2007 John Yarmuth
25%
NY-25, D 2018 Joseph Morelle
25%
CA-10, D, 2019 Josh Harder
25%
LA-05, R, 2021 Julia Letlow
25%
HI-02, D, 2021 Kai Kahele
25%
FL-03, R, 2021 Kat Cammack
25%
FL-14, D, 2007 Kathy Castor
25%
CA-45, D, 2019 Katie Porter
25%
TX-12, R, 1997 Kay Granger
25%
CA-42, R, 1993 Ken Calvert
25%
TX-08, R, 1997 Kevin Brady
25%
MD-07, D, 2020 Kweisi Mfume
25%
TX-05, R, 2019 Lance Gooden
25%
NY-01, R, 2015 Lee Zeldin
25%
DE At Large, D, 2017 Lisa Blunt Rochester
25%
TX-07, D, 2019 Lizzie Pannill Fletcher
25%
TX-35, D, 1995 Lloyd Doggett
25%
FL-21, D, 2013 Lois Frankel
25%
CA-46, D, 2017 Lou Correa
25%
TX-01, R, 2005 Louie Gohmert
25%
PA-04, D, 2019 Madeleine Dean
25%
TX-33, D, 2013 Marc Veasey
25%
FL-27, R, 2021 Maria Salazar
25%
IL-03, D, 2021 Marie Newman
25%
GA-14, R, 2021 Marjorie Greene
25%
WI-02, D, 2013 Mark Pocan
25%
OK-02, R, 2013 Markwayne Mullin
25%
PA-08, D, 2013 Matt Cartwright
25%
CA-43, D, 1991 Maxine Waters
25%
TX-34, R, 2022 Mayra Flores
25%
TX-26, R, 2003 Michael Burgess
25%
TX-27, R, 2018 Michael Cloud
25%
TX-10, R, 2005 Michael McCaul
25%
FL-06, R, 2019 Michael Waltz
25%
IL-12, R, 2015 Mike Bost
25%
PA-18, D, 1995 Mike Doyle
25%
WI-08, R, 2020 Mike Gallagher
25%
IL-05, D, 2009 Mike Quigley
25%
AL-03, R, 2003 Mike Rogers
25%
ID-02, R, 1999 Mike Simpson
25%
AL-05, R, 2011 Mo Brooks
25%
VA-09, R, 2011 Morgan Griffith
25%
CA-44, D, 2017 Nanette Barragán
25%
FL-02, R, 2017 Neal Dunn
25%
NY-11, R, 2021 Nicole Malliotakis
25%
GA-05, D, 2021 Nikema Williams
25%
TX-04, R, 2021 Pat Fallon
25%
MI-03, R, 2021 Peter Meijer
25%
TX-17, R, 2021 Pete Sessions
25%
IL-08, D, 2017 Raja Krishnamoorthi
25%
TX-14, R, 2013 Randy Weber
25%
MI-13, D, 2019 Rashida Tlaib
25%
CA-36, D, 2013 Raul Ruiz
25%
GA-12, R, 2015 Rick Allen
25%
AR-01, R, 2011 Rick Crawford
25%
IL-02, D, 2013 Robin Kelly
25%
IL-13, R, 2013 Rodney Davis
25%
TX-25, R, 2013 Roger Williams
25%
KS-04, R, 2017 Ron Estes
25%
TX-13, R, 2021 Ronny Jackson
25%
CT-03, D, 1991 Rosa DeLauro
25%
ID-01, R, 2019 Russ Fulcher
25%
CA-24, D, 2017 Salud Carbajal
25%
GA-02, D, 1993 Sanford Bishop
25%
CA-53, D, 2021 Sara Jacobs
25%
WI-05, R, 2021 Scott Fitzgerald
25%
FL-15, R, 2021 Scott Franklin
25%
PA-10, R, 2013 Scott Perry
25%
IL-06, D, 2019 Sean Casten
25%
NY-18, D, 2013 Sean Patrick Maloney
25%
FL-20, D, 2022 Sheila Cherfilus-McCormick
25%
TX-18, D, 1995 Sheila Jackson Lee
25%
FL-07, D, 2017 Stephanie Murphy
25%
OH-01, R, 2011 Steve Chabot
25%
AR-03, R, 2011 Steve Womack
25%
PA-07, D, 2018 Susan Wild
25%
TX-29, D, 2019 Sylvia Garcia
25%
FL-22, D, 2010 Ted Deutch
25%
NY-03, D, 2017 Thomas Suozzi
25%
CA-04, R, 2009 Tom McClintock
25%
AZ-01, D, 2017 Tom O'Halleran
25%
WI-07, R, 2020 Tom Tiffany
25%
CA-29, D, 2013 Tony Cárdenas
25%
TX-23, R, 2021 Tony Gonzales
25%
KS-01, R, 2021 Tracey Mann
25%
LA-02, D, 2021 Troy Carter
25%
TX-22, R, 2021 Troy Nehls
25%
FL-10, D, 2017 Val Demmings
25%
TX-03, R, 2019 Van Taylor
25%
FL-16, R, 2007 Vern Buchanan
25%
TX-16, D, 2019 Veronica Escobar
25%
TX-15, D, 2017 Vicente Gonzalez
25%
NC-05, R, 2005 Virginia Foxx
25%
CA-19, D, 1995 Zoe Lofgren
25%
IL-16, R, 2011 Adam Kizinger
0%
WA-09, D, 1997 Adam Smith
0%
NY-13, D, 2017 Adriano Espaillat
0%
NE-03, R, 2007 Adrian Smith
0%
CA-47, D, 2013 Alan Lowenthall
0%
NJ-08, D, 2006 Albio Sires
0%
NC-12, D, 2014 Alma Adams
0%
IN-07, D, 2008 André Carson
0%
NY-02, R, 2021 Andrew Garbarino
0%
NJ-03, D, 2019 Andy Kim
0%
MI-09, D, 2019 Andy Levin
0%
NH-02, D, 2013 Ann McLane Kuster
0%
MO-02, R, 2013 Ann Wagner
0%
MD-04, D, 2017 Anthony Brown
0%
OH-16, R, 2019 Anthony Gonzalez
0%
IA-01, R, 2021 Ashley Hinson
0%
AL-02, R, 2021 Barry Moore
0%
TX-24, R, 2021 Beth Van Duyune
0%
MN-04, D, 2001 Betty McCollum
0%
MI-02, R, 2011 Bill Huizenga
0%
OH-06, R, 2011 Bill Johnson
0%
MA-09, D, 2011 Bill Keating
0%
NJ-09, D, 1997 Bill Pascrell
0%
MO-07, R, 2011 Billy Long
0%
MO-03, R, 2009 Blaine Luetkemeyer
0%
OH-07, R, 2011 Bob Gibbs
0%
OH-05, R, 2007 Bob Latta
0%
NJ-12, D, 2015 Bonnie Watson Coleman
0%
MN-01, R, 2022 Brad Finstad
0%
CA-30, D, 1997 Brad Sherman
0%
OH-02, R, 2013 Brad Wenstrup
0%
MI-14, D, 2015 Brenda Lawrence
0%
KY-02, R 2009 Brett Guthrie
0%
NY-26, D, 2005 Brian Higgins
0%
WI-01, R, 2019 Bryan Steil
0%
FL-19, R, 2021 Bryon Donalds
0%
WV-03, R, 2019 Carol Miller
0%
WA-05, R, 2005 Cathy Rodgers
0%
ME-01, D, 2009 Chellie Pingree
0%
NY-27, R, 2020 Chris Jacobs
0%
NH-01, D, 2019 Chris Pappas
0%
NJ-04, R, 1981 Chris Smith
0%
PA-06, D, 2019 Chrisy Houlahan
0%
TN-03, R, 2011 Chuck Fleischmann
0%
IA-03, D, 2019 Cindy Axne
0%
NY-22, R, 2021 Claudia Tenney
0%
LA-03, R, 2017 Clay Higgins
0%
OR-02, R, 2021 Cliff Bentz
0%
MI-05, D, 2013 Dan Kildee
0%
WA-04, R, 2015 Dan Newhouse
0%
RI-01, D, 2011 David Cicilline
0%
OH-14, R, 2013 David Joyce
0%
TN-08, R, 2017 David Kustoff
0%
WV-01, R, 2011 David McKinley
0%
NC-04, D, 1997 David Price
0%
NC-07, R, 2015 David Rouzer
0%
MD-06, D, 2019 David Trone
0%
MN-03, D, 2019 Dean Philips
0%
MI-12, D, 2015 Debbie Dingell
0%
NC-02, D, 2021 Deborah Ross
0%
WA-06, D, 2013 Derek Kilmer
0%
TN-01, R, 2021 Diana Harshbarger
0%
NV-01, D, 2013 Dina Titus
0%
NJ-01, D, 2014 Donald Norcross
0%
NJ-10, D, 2012 Donald Payne
0%
NE-02, R, 2017 Don Bacon
0%
SD At Large, R, 2019 Dusty Johnson
0%
MD-02, D, 2003 Dutch Ruppersberger
0%
PA-03, D, 2016 Dwight Evans
0%
OR-03, D, 1996 Earl Blumenauer
0%
VA-02, D, 2019 Elaine Laura
0%
NY-21, R, 2015 Elise Stefanik
0%
MI-08, D, 2019 Elissa Slotkin
0%
MO-05, D, 2005 Emanuel Cleaver
0%
OK-03, R, 1994 Frank Lucas
0%
IN-01, D, 2021 Frank Mrvan
0%
NJ-06, D, 1988 Frank Pallone
0%
PA-12, R, 2019 Fred Keller
0%
MI-06, R, 1987 Fred Upton
0%
LA-06, R, 2015 Garret Graves
0%
AL-06, R, 2015 Gary Palmer
0%
VA-11, D, 2009 Gerry Connolly
0%
NC-01, D, 2004 G. K. Butterfield
0%
WI-06, R, 2015 Glen Grothman
0%
PA-15, R, 2009 Glenn Thompson
0%
NY-06, D, 2013 Grace Meng
0%
CA-32, D, 1999 Grace Napolitano
0%
NC-03, R, 2019 Greg Murphy
0%
NY-05, D, 1998 Gregory Meeks
0%
IN-06, R, 2019 Greg Pence
0%
AZ-09, D, 2019 Greg Stanton
0%
NY-08, D, 2013 Hakeem Jefferies
0%
MI-11, D, 2019 Haley Stevens
0%
KS-02, R, 2021 Jake LaTurner
0%
RI-02, D, 2001 James Langevin
0%
WA-03, R, 2011 Jamie Beutler
0%
ME-02, D, 2019 Jared Golden
0%
MO-08, R, 2013 Jason Smith
0%
SC-03, R, 2011 Jeff Duncan
0%
NJ-02, R, 2019 Jeff Van Drew
0%
NY-10, D, 1992 Jerry Nadler
0%
TN-05, D, 2003 Jim Cooper
0%
OH-04, R, 2007 Jim Jordan
0%
MA-02, D, 1997 Jim McGovern
0%
CA-34, D, 2017 Jimmy Gomez
0%
CA-20, D, 2017 Jimmy Panetta
0%
TX-19, R, 2017 Jodey Arrington
0%
SC-02, R, 2001 Joe Wilson
0%
NY-24, R, 2015 John Katko
0%
MI-04, R, 2015 John Moolenaar
0%
TN-06, R, 2019 John Rose
0%
MD-03, D, 2007 John Sarbanes
0%
NJ-05, D, 2017 Josh Gottheimer
0%
OH-03, D, 2013 Joyce Beatty
0%
CA-26, D, 2013 Julia Brownley
0%
CA-37, D, 2011 Karen Bass
0%
MA-05, D, 2013 Katherine Clark
0%
NY-04, D, 2015 Kathleen Rice
0%
NC-06, D, 2021 Kathy Manning
0%
ND At Large, R, 2019 Kelly Armstrong
0%
OK-01, R, 2018 Kevin Hern
0%
WA-08, D, 2019 Kim Schrier
0%
OR-05, D, 2009 Kurt Schrader
0%
IN-08, R, 2011 Larry Bucshon
0%
CA-38, D, 2003 Linda Sánchez
0%
MI-10, R, 2021 Lisa McClain
0%
WY At Large, R, 2017 Liz Cheney
0%
PA-11, R, 2017 Lloyd Smucker
0%
MA-03, D, 2019 Lori Trahan
0%
CA-40, D, 1993 Lucille Roybal-Allard
0%
NC-11, R, 2021 Madison Cawthorn
0%
OH-09, D, 1983 Marcy Katpur
0%
IA-02, R, 2021 Mariannette Miller-Meeks
0%
WA-10, D, 2021 Marilyn Strickland
0%
NV-02, R, 2011 Mark Amodei
0%
CA-11, D, 2015 Mark DeSaulnier
0%
TN-07, R, 2019 Mark Green
0%
MT At Large, R, 2021 Matt Rosendale
0%
NM-01, D, 2021 Melanie Stansbury
0%
MS-03, R, 2019 Michael Guest
0%
MN-07, R, 2021 Michelle Fishbach
0%
OH-15, R, 2021 Mike Carey
0%
NE-01, R, 2022 Mike Flood
0%
LA-04, R, 2017 Mike Johnson
0%
PA-16, R, 2011 Mike Kelly
0%
CA-05, D, 1999 Mike Thompson
0%
OH-10, R, 2003 Mike Turner
0%
NJ-11, D, 2019 Mikie Sherrill
0%
NY-17, D, 2021 Mondaire Jones
0%
SC-01, R, 2021 Nancy Mace
0%
CA-35, D, 2015 Norma Torres
0%
NY-07, D, 1993 Nydia Velázquez
0%
NC-10, R, 2005 Patrick McHenry
0%
NY-20. D, 2009 Paul Tonko
0%
CA-31, D, 2015 Pete Aguilar
0%
OR-04, D, 1987 Peter DeFazio
0%
MN-08, R, 2019 Pete Stauber
0%
WA-07, D, 2017 Pramila Jayapal
0%
SC-05, R, 2017 Ralph Norman
0%
IA-04, R, 2021 Randy Feenstra
0%
NC-08, R, 2013 Richard Hudson
0%
MA-01, D, 1989 Richard Neal
0%
WA-02, D, 2001 Rick Larsen
0%
NY-15, D, 2021 Ritchie Torres
0%
AL-04, R, 1997 Robert Aderholt
0%
VA-01, R, 2007 Rob Wittman
0%
WI-03, D, 1997 Ron Kind
0%
MO-06, R, 2001 Sam Graves
0%
TN-04, R, 2011 Scott DesJarlais
0%
CA-52, D, 2013 Scott Peters
0%
MA-06, D, 2015 Seth Moulton
0%
OH-11, D, 2021 Shontel Brown
0%
MD-05, D, 1981 Steny Hoyer
0%
OK-05, R, 2021 Stephanie Bice
0%
MA-08, D, 2001 Stephen Lynch
0%
TN-09, D, 2007 Steve Cohen
0%
NV-04, D, 2019 Steven Horsford
0%
MS-04, R, 2011 Steven Palazzo
0%
LA-01, R, 2008 Steve Scalise
0%
NV-03, D, 2019 Susie Lee
0%
WA-01, D, 2012 Suzan DelBene
0%
OR-01, D, 2012 Suzanne Bonamici
0%
NC-13, R, 2017 Ted Budd
0%
NM-03, D, 2021 Teresa Leger Fernandez
0%
TN-02, R, 2019 Tim Burchett
0%
OH-13, D, 2003 Tim Ryan
0%
MI-07, R, 2011 Tim Walberg
0%
OK-04, R, 2003 Tom Cole
0%
MN-06, R, 2015 Tom Emmer
0%
NJ-07, D, 2019 Tom Malinowski
0%
SC-07, R, 2013 Tom Rice
0%
MS-01, R, 2015 Trent Kelly
0%
IN-09, R, 2017 Trey Hollingsworth
0%
OH-12, R, 2018 Troy Balderson
0%
MO-04, R, 2011 Vicky Hartzler
0%
IN-05, R, 2021 Victoria Spatz
0%
OH-08, R, 2016 Warren Davidson
0%
SC-04, R, 2019 William Timmons
0%
NY-09, D, 2007 Yvette Clarke
0%
NM-02, R, 2021 Yvette Herrell
0%
No matching quizzes found
Score Distribution
Percent of People with Each Score
Percentile by Number Answered
Your Score History
You have not taken this quiz since the last reset